000 00663nam a2200241Ia 4500
003 OSt
005 20220924122132.0
006 a|||||r|||| 00| 0
007 ta
008 220923b |||||||| |||| 00| 0 urd d
024 _a307432
037 _cTextual
040 _aARTS
_cARTS
_burd
041 _2urd
_aurd
082 _aO168,1M76:g, L7
100 _aKhan Mohammad Ahmed Au.
_9188457
245 0 _aIqbal ka siyasi kaarnama
260 _aLahore
_bIqbal academy Pakistan
_c1977
300 _a956p.
_ccm.
650 _aURDU POETRY
942 _hO168,1M76:g, L7
_cTEXL
_2CC
999 _c410442
_d410442